[Event "RUS Cup tt"]
[Site "Izhevsk"]
[Date "2010.11.21"]
[Round "2"]
[White "Potapov, Pavel"]
[Black "Terekhin, Anatoly"]
[Result "1/2-1/2"]
[WhiteElo "2464"]
[BlackElo "2286"]
[PlyCount "50"]
[EventDate "2010.11.20"]
[EventType "team-tourn"]
[EventRounds "5"]
[EventCountry "RUS"]
[SourceTitle "CBM 139 Extra"]
[Source "ChessBase"]
[SourceDate "2011.01.05"]
[SourceVersion "1"]
[SourceVersionDate "2011.01.05"]
[SourceQuality "1"]

1. e4 e5 2. Nf3 d6 3. d4 exd4 4. Nxd4 g6 5. Nc3 Bg7 6. Bc4 Nc6 7. Be3 Nf6 8. 0-0 0-0 9. Nxc6 bxc6 10. Qd2 Be6 11. Bb3 Re8 12. Bg5 h6 13. Bxh6 Bxh6 14. Qxh6 Bxb3 15. axb3 Nxe4 16. Nxe4 Rxe4 17. Rfe1 Qe7 18. Qd2 Re8 19. Rxe4 Qxe4 20. h3 a5 21. c4 Re5 22. Rxa5 Qe1+ 23. Qxe1 Rxe1+ 24. Kh2 Re2 25. Ra7 Rxb2 1/2-1/2

[Event "Perm"]
[Site "Perm"]
[Date "2009.06.12"]
[Round "7"]
[White "Shinkevich, Vitaly"]
[Black "Terekhin, Anatoly"]
[Result "1-0"]
[WhiteElo "2520"]
[BlackElo "2312"]
[PlyCount "59"]
[EventDate "2009.06.09"]
[EventType "tourn"]
[EventRounds "9"]
[EventCountry "RUS"]
[EventCategory "6"]
[SourceTitle "CBM 130 Extra"]
[Source "ChessBase"]
[SourceDate "2009.07.02"]
[SourceVersion "2"]
[SourceVersionDate "2009.07.15"]
[SourceQuality "1"]

1. d4 Nf6 2. Nf3 c5 3. d5 e6 4. c4 exd5 5. cxd5 d6 6. Nc3 Be7 7. e4 0-0 8. Be2 Bg4 9. 0-0 Nbd7 10. Bf4 a6 11. a4 Ne8 12. Nd2 Bxe2 13. Qxe2 Bf6 14. Nc4 Ne5 15. Ne3 Nc7 16. Bg3 Re8 17. Kh1 Rb8 18. Rad1 b5 19. f4 Nc4 20. Nxc4 bxc4 21. e5 Bh4 22. Bxh4 Qxh4 23. Ne4 dxe5 24. Nd6 exf4 25. Nxe8 Nxe8 26. d6 Qd8 27. Qxc4 Rxb2 28. d7 Nf6 29. Qxc5 Rb7 30. Qc8 1-0

[Event "Privolzhskogo FO-ch"]
[Site "Kazan"]
[Date "2009.01.24"]
[Round "4"]
[White "Terekhin, Anatoly"]
[Black "Dubov, Danil"]
[Result "1-0"]
[WhiteElo "2300"]
[BlackElo "2116"]
[PlyCount "65"]
[EventDate "2009.01.21"]
[EventType "swiss"]
[EventRounds "9"]
[EventCountry "RUS"]
[SourceTitle "EXT 2010"]
[Source "ChessBase"]
[SourceDate "2010.11.25"]
[SourceVersion "1"]
[SourceVersionDate "2010.11.25"]
[SourceQuality "1"]

1. c4 g6 2. Nc3 c5 3. Nf3 Nf6 4. d4 cxd4 5. Nxd4 Nc6 6. e3 Bg7 7. Be2 0-0 8. 0-0 d6 9. b3 Nxd4 10. exd4 e5 11. dxe5 dxe5 12. Ba3 Re8 13. Qxd8 Rxd8 14. Rad1 Bf5 15. Be7 Rxd1 16. Rxd1 Ne4 17. Nxe4 Bxe4 18. Bf3 Bxf3 19. gxf3 Bf8 20. Rd7 Rb8 21. Kf1 Kg7 22. Bd8 Bc5 23. Ke2 Kf8 24. Bf6 Bd4 25. f4 Re8 26. Kf1 Rb8 27. fxe5 Bc5 28. Ke2 a6 29. a4 Bb4 30. f4 Ke8 31. e6 fxe6 32. Rxh7 Bf8 33. Be5 1-0

[Event "Perm op-A 10"]
[Site "Perm"]
[Date "2008.10.??"]
[Round "4"]
[White "Klots, Leonid"]
[Black "Terekhin, Anatoly"]
[Result "0-1"]
[WhiteElo "2252"]
[BlackElo "2315"]
[PlyCount "54"]
[EventDate "2008.10.15"]
[EventType "swiss"]
[EventRounds "8"]
[EventCountry "RUS"]
[SourceTitle "EXT 2022"]
[Source "ChessBase"]
[SourceDate "2021.10.06"]
[SourceVersion "1"]
[SourceVersionDate "2021.10.06"]
[SourceQuality "1"]

1. c4 Nf6 2. Nc3 d5 3. cxd5 Nxd5 4. g3 e5 5. Bg2 Nb6 6. Nf3 Nc6 7. a3 Be7 8. b4 Be6 9. 0-0 0-0 10. d3 f6 11. Bb2 Qd7 12. Ne4 Rfd8 13. Qc2 a5 14. b5 Nd4 15. Nxd4 exd4 16. Nc5 Bxc5 17. Qxc5 Na4 18. Qc2 Qxb5 19. Rfb1 Bb3 20. Bc1 Bxc2 21. Rxb5 Nc3 22. Rxb7 Nxe2+ 23. Kh1 Bxd3 24. Rxc7 Rac8 25. Rxc8 Rxc8 26. Bd2 Nc3 27. Bxc3 dxc3 0-1

[Event "Perm op-A 10"]
[Site "Perm"]
[Date "2008.10.??"]
[Round "7"]
[White "Terekhin, Anatoly"]
[Black "Kanter, Eduard"]
[Result "1-0"]
[WhiteElo "2315"]
[BlackElo "2349"]
[PlyCount "93"]
[EventDate "2008.10.15"]
[EventType "swiss"]
[EventRounds "8"]
[EventCountry "RUS"]
[SourceTitle "EXT 2022"]
[Source "ChessBase"]
[SourceDate "2021.10.06"]
[SourceVersion "1"]
[SourceVersionDate "2021.10.06"]
[SourceQuality "1"]

1. c4 e6 2. e4 d5 3. exd5 exd5 4. d4 Nf6 5. Nf3 Be7 6. Nc3 0-0 7. Be2 Nc6 8. cxd5 Nxd5 9. 0-0 Be6 10. Re1 Nxc3 11. bxc3 Bf6 12. Bf4 Ne7 13. Bd3 Ng6 14. Bg3 c5 15. Rc1 cxd4 16. cxd4 Bxa2 17. h4 Re8 18. Rxe8+ Qxe8 19. h5 Nf8 20. h6 g6 21. Qd2 Bd5 22. Be5 Be7 23. Qa5 Qd8 24. Bc7 Qd7 25. Ne5 Qe6 26. f4 f6 27. f5 b6 28. Qe1 Qc8 29. Nc6 Ba3 30. Ne7+ Bxe7 31. Qxe7 Qd7 32. Qxf6 Qf7 33. Qd6 Re8 34. fxg6 Nxg6 35. Rf1 Qe6 36. Qg3 Rf8 37. Re1 Qf7 38. Bd6 Re8 39. Rf1 Qe6 40. Be5 Rf8 41. Rc1 a5 42. Qg5 Qe7 43. Qg3 Qe6 44. Rc7 Rf7 45. Bxg6 hxg6 46. Qh4 Kh7 47. Qd8 1-0

[Event "Perm"]
[Site "Perm"]
[Date "2008.06.15"]
[Round "5"]
[White "Terekhin, Anatoly"]
[Black "Shinkevich, Vitaly"]
[Result "1/2-1/2"]
[WhiteElo "2515"]
[BlackElo "2531"]
[PlyCount "108"]
[EventDate "2008.06.11"]
[EventType "tourn"]
[EventRounds "9"]
[EventCountry "RUS"]
[EventCategory "5"]
[SourceTitle "CBM 125 Extra"]
[Source "ChessBase"]
[SourceDate "2008.09.01"]
[SourceVersion "1"]
[SourceVersionDate "2008.09.01"]
[SourceQuality "1"]

1. c4 c5 2. Nf3 Nc6 3. Nc3 e5 4. g3 g6 5. Bg2 Bg7 6. d3 d6 7. 0-0 Nge7 8. Ne1 0-0 9. Nc2 a6 10. Ne3 Rb8 11. a4 h6 12. Ned5 Kh7 13. Bd2 Bg4 14. Rb1 a5 15. f4 f5 16. h3 Bh5 17. Qe1 Nxd5 18. Nxd5 Qd7 19. e3 Rbe8 20. Bc3 Nb4 21. Bxb4 axb4 22. e4 Qxa4 23. g4 fxg4 24. f5 gxh3 25. Bxh3 Qc2 26. Qg3 Qd2 27. Rf2 Qg5 28. Qxg5 hxg5 29. fxg6+ Bxg6 30. Rh2 g4 31. Bxg4+ Kg8 32. Ra1 Rf7 33. b3 Bh8 34. Raa2 Rh7 35. Rhg2 Kf8 36. Ra7 Rb8 37. Be6 Rg7 38. Nb6 Be8 39. Bd5 Rxg2+ 40. Kxg2 Kg7 41. Bxb7 Bh5 42. Nd5 Kh6 43. Ne7 Bd1 44. Bd5 Bxb3 45. Nf5+ Kg5 46. Nxd6 Bc2 47. Ra6 b3 48. Kg3 Bf6 49. Nf7+ Kg6 50. Nxe5+ Kg7 51. Ra7+ Kh6 52. Ra6 Kg7 53. Ra7+ Kh6 54. Ra6 Kg7 1/2-1/2

[Event "Perm"]
[Site "Perm"]
[Date "2008.06.13"]
[Round "3"]
[White "Terekhin, Anatoly"]
[Black "Ostanin, Vadim"]
[Result "0-1"]
[WhiteElo "2515"]
[BlackElo "2333"]
[PlyCount "92"]
[EventDate "2008.06.11"]
[EventType "tourn"]
[EventRounds "9"]
[EventCountry "RUS"]
[EventCategory "5"]
[SourceTitle "CBM 125 Extra"]
[Source "ChessBase"]
[SourceDate "2008.09.01"]
[SourceVersion "1"]
[SourceVersionDate "2008.09.01"]
[SourceQuality "1"]

1. c4 e5 2. g3 Nc6 3. Bg2 g6 4. Nc3 Bg7 5. Rb1 a5 6. e3 d6 7. Nge2 Nge7 8. a3 Bg4 9. d3 Qd7 10. Nd5 0-0 11. h3 Be6 12. Nec3 f5 13. Qa4 Rab8 14. Bd2 g5 15. Nxe7+ Nxe7 16. Qxd7 Bxd7 17. Nd5 Nxd5 18. Bxd5+ Kh8 19. Bxa5 b6 20. Bb4 Rbe8 21. Bg2 f4 22. Be4 Re6 23. h4 g4 24. 0-0 f3 25. Bc3 Rh6 26. Rfd1 Bf5 27. Bxf5 Rxf5 28. e4 Rfh5 29. d4 exd4 30. Bxd4 Re6 31. Bxg7+ Kxg7 32. Rd4 Rhe5 33. Re1 Kf6 34. b4 Ke7 35. b5 Kd7 36. Kf1 Re8 37. Re3 h5 38. Ke1 c5 39. bxc6+ Kxc6 40. Kd2 Kc5 41. Rd5+ Rxd5+ 42. cxd5 Kd4 43. Rd3+ Ke5 44. Rb3 Ra8 45. Rxb6 Rxa3 46. Rb1 Kxe4 0-1

[Event "Perm"]
[Site "Perm"]
[Date "2008.06.11"]
[Round "1"]
[White "Terekhin, Anatoly"]
[Black "Davydov, Stepan"]
[Result "1/2-1/2"]
[WhiteElo "2515"]
[BlackElo "2497"]
[PlyCount "24"]
[EventDate "2008.06.11"]
[EventType "tourn"]
[EventRounds "9"]
[EventCountry "RUS"]
[EventCategory "5"]
[SourceTitle "CBM 125 Extra"]
[Source "ChessBase"]
[SourceDate "2008.09.01"]
[SourceVersion "1"]
[SourceVersionDate "2008.09.01"]
[SourceQuality "1"]

1. e4 e6 2. d4 d5 3. exd5 exd5 4. Bd3 Bd6 5. Nf3 Nf6 6. 0-0 0-0 7. c3 c6 8. h3 Be6 9. Be3 h6 10. Nbd2 Nbd7 11. Qc2 Qc7 12. Rfe1 Rae8 1/2-1/2

[Event "Kazan Region-ch 6th"]
[Site "Kazan"]
[Date "2008.01.29"]
[Round "7"]
[White "Isajevsky, Anton"]
[Black "Terekhin, Anatoly"]
[Result "1-0"]
[WhiteElo "2469"]
[BlackElo "2314"]
[PlyCount "35"]
[EventDate "2008.01.23"]
[EventType "swiss"]
[EventRounds "9"]
[EventCountry "RUS"]
[SourceTitle "CBM 122 Extra"]
[Source "ChessBase"]
[SourceDate "2008.03.04"]
[SourceVersion "1"]
[SourceVersionDate "2008.03.04"]
[SourceQuality "1"]

1. c4 c5 2. Nc3 Nc6 3. Nf3 g6 4. e3 Bg7 5. d4 d6 6. Be2 Nf6 7. 0-0 0-0 8. d5 Na5 9. a3 Bg4 10. Bd2 Bxf3 11. gxf3 b6 12. Rc1 e5 13. Kh1 h6 14. Rg1 Rc8 15. Bd3 Re8 16. Be1 Re7 17. Ne2 Rb7 18. b4 1-0

[Event "Perm GM"]
[Site "Perm"]
[Date "2007.06.16"]
[Round "5"]
[White "Terekhin, Anatoly"]
[Black "Pisakov, Ilia"]
[Result "0-1"]
[WhiteElo "2323"]
[BlackElo "2341"]
[PlyCount "110"]
[EventDate "2007.06.12"]
[EventType "tourn"]
[EventRounds "9"]
[EventCountry "RUS"]
[EventCategory "8"]
[SourceTitle "CBM 119 Extra"]
[Source "ChessBase"]
[SourceDate "2007.09.04"]
[SourceVersion "1"]
[SourceVersionDate "2007.09.04"]
[SourceQuality "1"]

1. c4 c5 2. Nf3 Nf6 3. Nc3 g6 4. d4 cxd4 5. Nxd4 Bg7 6. e4 0-0 7. Be2 Nc6 8. Be3 e6 9. 0-0 Re8 10. Ndb5 b6 11. f4 Re7 12. e5 Ne8 13. Bf3 Bb7 14. Ne4 f6 15. Nbd6 Nxd6 16. Nxd6 Bc8 17. b4 Rb8 18. b5 Na5 19. Bd4 f5 20. Qa4 Bb7 21. Be2 Ba8 22. Rfd1 Bh6 23. c5 Bxf4 24. cxb6 axb6 25. g3 Bg5 26. Rac1 Bxc1 27. Rxc1 Bd5 28. Qa3 Rg7 29. Qe3 h5 30. Qh6 h4 31. gxh4 Rh7 32. Qg5 Qxg5+ 33. hxg5 Bxa2 34. Rc7 Bd5 35. Nc8 Rb7 36. Bxb6 Rxc7 37. Bxc7 Nb7 38. b6 Kf7 39. Ba6 Nc5 40. Nd6+ Ke7 41. Nc8+ Kf7 42. Nd6+ Ke7 43. Nc8+ Ke8 44. Nd6+ Kf8 45. Bc8 Rh3 46. b7 Rb3 47. h4 f4 48. h5 Rb1+ 49. Kf2 Rb2+ 50. Kf1 f3 51. Ba5 Nd3 52. b8Q Rxb8 53. Bb7 gxh5 54. Bc7 Rxb7 55. Nxb7 Bxb7 0-1

[Event "Perm Elo op-A"]
[Site "Perm"]
[Date "2007.05.08"]
[Round "8"]
[White "Terekhin, Anatoly"]
[Black "Karpenko, Alexander"]
[Result "1-0"]
[WhiteElo "2323"]
[BlackElo "2173"]
[PlyCount "85"]
[EventDate "2007.04.25"]
[EventType "swiss"]
[EventRounds "9"]
[EventCountry "RUS"]
[SourceTitle "EXT 2010"]
[Source "ChessBase"]
[SourceDate "2010.11.25"]
[SourceVersion "1"]
[SourceVersionDate "2010.11.25"]
[SourceQuality "1"]

1. c4 g6 2. Nc3 Bg7 3. d4 d6 4. Nf3 Nf6 5. b3 0-0 6. Bb2 Nbd7 7. e3 c6 8. Be2 a6 9. Qc2 Re8 10. 0-0 e5 11. Rfd1 Qe7 12. a4 e4 13. Nd2 Nf8 14. a5 h5 15. b4 Bf5 16. b5 N8h7 17. bxc6 bxc6 18. Ba3 Bf8 19. Rab1 Ng4 20. Rb6 Ng5 21. Bxg4 Bxg4 22. Rxc6 Bxd1 23. Qxd1 Qd7 24. Rb6 h4 25. h3 Kg7 26. Nd5 Red8 27. Qb1 Qf5 28. Kf1 Ra7 29. Bb2 Kh6 30. Bc3 Qe6 31. Nb4 Rda8 32. Nc6 Rc7 33. d5 Qe8 34. Nb3 f5 35. Ke1 Nf7 36. Bf6 g5 37. Nbd4 Kg6 38. Qb2 Bh6 39. Ne6 Rd7 40. Kf1 Nh8 41. Bxh8 Qxh8 42. Qxh8 Rxh8 43. Ne5+ 1-0

[Event "Perm Elo op-A"]
[Site "Perm"]
[Date "2007.05.05"]
[Round "7"]
[White "Orekhov, Viktor"]
[Black "Terekhin, Anatoly"]
[Result "0-1"]
[WhiteElo "2285"]
[BlackElo "2323"]
[PlyCount "106"]
[EventDate "2007.04.25"]
[EventType "swiss"]
[EventRounds "9"]
[EventCountry "RUS"]
[SourceTitle "EXT 2010"]
[Source "ChessBase"]
[SourceDate "2010.11.25"]
[SourceVersion "1"]
[SourceVersionDate "2010.11.25"]
[SourceQuality "1"]

1. e4 c5 2. Nf3 Nc6 3. d4 cxd4 4. Nxd4 g6 5. c4 Bg7 6. Nb5 Nf6 7. N1c3 a6 8. Na3 d6 9. Be2 0-0 10. 0-0 Be6 11. Bg5 Qa5 12. Qd2 Nd4 13. Bd3 Rfc8 14. Rfe1 b5 15. Nd5 Qxd2 16. Bxd2 Bxd5 17. exd5 bxc4 18. Nxc4 Rxc4 19. Bxc4 Nc2 20. Rac1 Nxe1 21. Rxe1 Kf8 22. Bc3 Ne8 23. Bxg7+ Nxg7 24. Kf1 Ne8 25. Ke2 Nc7 26. Kd2 Rb8 27. b3 Ke8 28. Re3 h5 29. Rf3 a5 30. h3 Rb4 31. g4 hxg4 32. hxg4 g5 33. Rh3 e6 34. dxe6 fxe6 35. Rh7 Kd8 36. Rg7 d5 37. Be2 a4 38. Bd1 Rd4+ 39. Kc1 a3 40. Be2 Rf4 41. f3 d4 42. Kd2 Nd5 43. Ra7 Nc3 44. b4 e5 45. b5 Rf6 46. Bd3 Rxf3 47. b6 Rf2+ 48. Ke1 Rb2 49. b7 Kc7 50. Rxa3 Rxb7 51. Ra5 e4 52. Bc2 Rb2 53. Bb3 e3 0-1

[Event "Perm Elo op-A"]
[Site "Perm"]
[Date "2007.05.03"]
[Round "5"]
[White "Frolov, Artiom"]
[Black "Terekhin, Anatoly"]
[Result "1-0"]
[WhiteElo "2435"]
[BlackElo "2323"]
[PlyCount "71"]
[EventDate "2007.04.25"]
[EventType "swiss"]
[EventRounds "9"]
[EventCountry "RUS"]
[SourceTitle "EXT 2010"]
[Source "ChessBase"]
[SourceDate "2010.11.25"]
[SourceVersion "1"]
[SourceVersionDate "2010.11.25"]
[SourceQuality "1"]

1. e4 c5 2. c3 d5 3. exd5 Qxd5 4. d4 cxd4 5. cxd4 Nc6 6. Nf3 e5 7. Nc3 Bb4 8. Bd2 Bxc3 9. Bxc3 e4 10. Ne5 Nxe5 11. dxe5 Ne7 12. Qa4+ Bd7 13. Qa3 Qe6 14. Qb4 Bc6 15. Bb5 Nd5 16. Bxc6+ Qxc6 17. Qxe4 0-0 18. Bd2 f5 19. Qd3 Rad8 20. 0-0 Kh8 21. Qf3 f4 22. Rad1 Qe6 23. Rfe1 g5 24. h3 b6 25. Bc3 Kg8 26. Rd4 Nxc3 27. bxc3 Rde8 28. c4 Rf5 29. Rd5 Qf7 30. Qd3 Qe6 31. Rd6 Qf7 32. e6 Qg6 33. e7 Rf6 34. Rd8 Qxd3 35. Rxe8+ Kg7 36. Rd8 1-0

[Event "Perm AVGRT op"]
[Site "Perm"]
[Date "2006.08.11"]
[Round "9"]
[White "Kuznetsov, Mikhail V"]
[Black "Terekhin, Anatoly"]
[Result "1/2-1/2"]
[WhiteElo "2152"]
[BlackElo "2351"]
[PlyCount "80"]
[EventDate "2006.08.03"]
[EventType "swiss"]
[EventRounds "9"]
[EventCountry "RUS"]
[SourceTitle "EXT 2008"]
[Source "ChessBase"]
[SourceDate "2007.11.25"]
[SourceVersion "1"]
[SourceVersionDate "2007.11.25"]
[SourceQuality "1"]

1. e4 c5 2. c3 Nf6 3. e5 Nd5 4. Nf3 e6 5. Bc4 Nb6 6. Bb3 d5 7. exd6 Bxd6 8. 0-0 0-0 9. d4 cxd4 10. cxd4 N8d7 11. Nc3 Nf6 12. Bg5 h6 13. Bh4 Be7 14. Bc2 Nbd5 15. Nxd5 Qxd5 16. Qd3 Rd8 17. Rfd1 g5 18. Bg3 Bd7 19. Bb3 Qe4 20. Qxe4 Nxe4 21. d5 Nxg3 22. hxg3 Bf6 23. dxe6 Bxe6 24. Bxe6 fxe6 25. Re1 Kf7 26. Ne5+ Bxe5 27. Rxe5 Rd2 28. Rae1 Rxb2 29. Rxe6 Rf8 30. R6e2 Rxe2 31. Rxe2 Rc8 32. f4 Rc4 33. Rf2 Kg6 34. Kh2 Kf5 35. fxg5+ Kxg5 36. Rb2 b6 37. Kh3 Ra4 38. g4 Ra3+ 39. g3 Ra5 40. Rd2 Rc5 1/2-1/2

[Event "Perm AVGRT op"]
[Site "Perm"]
[Date "2006.08.09"]
[Round "7"]
[White "Terekhin, Anatoly"]
[Black "Skoriupin, Sergey"]
[Result "1/2-1/2"]
[WhiteElo "2351"]
[BlackElo "2318"]
[PlyCount "65"]
[EventDate "2006.08.03"]
[EventType "swiss"]
[EventRounds "9"]
[EventCountry "RUS"]
[SourceTitle "EXT 2008"]
[Source "ChessBase"]
[SourceDate "2007.11.25"]
[SourceVersion "1"]
[SourceVersionDate "2007.11.25"]
[SourceQuality "1"]

1. c4 d6 2. g3 e5 3. Bg2 g6 4. Nc3 Bg7 5. d3 Ne7 6. e3 0-0 7. Nge2 f5 8. 0-0 c6 9. b4 Be6 10. b5 Nd7 11. bxc6 bxc6 12. Ba3 Qc7 13. Rc1 Nf6 14. Qa4 g5 15. d4 f4 16. dxe5 dxe5 17. exf4 gxf4 18. Rce1 Nh5 19. Bf3 fxg3 20. fxg3 Nf6 21. Nd4 exd4 22. Rxe6 dxc3 23. Bxe7 Rae8 24. Rfe1 Rf7 25. Bxf6 Rxe6 26. Rxe6 Rxf6 27. Rxf6 Bxf6 28. Bxc6 Qb6+ 29. Kg2 Qb2+ 30. Kh3 Qe2 31. Bd5+ Kf8 32. Qa3+ Be7 33. Qxc3 1/2-1/2

[Event "Perm AVGRT op"]
[Site "Perm"]
[Date "2006.08.08"]
[Round "6"]
[White "Goldshtein, Grigory"]
[Black "Terekhin, Anatoly"]
[Result "0-1"]
[WhiteElo "2140"]
[BlackElo "2351"]
[PlyCount "84"]
[EventDate "2006.08.03"]
[EventType "swiss"]
[EventRounds "9"]
[EventCountry "RUS"]
[SourceTitle "EXT 2008"]
[Source "ChessBase"]
[SourceDate "2007.11.25"]
[SourceVersion "1"]
[SourceVersionDate "2007.11.25"]
[SourceQuality "1"]

1. c4 c5 2. Nc3 Nc6 3. e4 d6 4. d3 g6 5. g3 Bg7 6. Bg2 Nd4 7. h3 e6 8. Nge2 Ne7 9. Rb1 0-0 10. 0-0 a6 11. a3 Rb8 12. b4 cxb4 13. axb4 Nxe2+ 14. Nxe2 b5 15. Be3 Bb7 16. cxb5 axb5 17. d4 d5 18. e5 Nc8 19. Nc1 Nb6 20. Nd3 Nc4 21. Bc1 Ra8 22. Nc5 Bc8 23. Qd3 f6 24. f4 Rf7 25. Bf3 Rfa7 26. Qc3 f5 27. Rf2 Bf8 28. Bd1 Bxc5 29. bxc5 Bd7 30. Bb3 Bc6 31. Rf1 h6 32. h4 Qa5 33. Qe1 Kf7 34. Qe2 Qc3 35. Qf2 h5 36. Rd1 Ra1 37. Bb2 Nxb2 38. Rxb2 Rxd1+ 39. Bxd1 Ra1 40. Rd2 b4 41. Kg2 b3 42. Bf3 Qxd2 0-1

[Event "Perm AVGRT op"]
[Site "Perm"]
[Date "2006.08.06"]
[Round "4"]
[White "Terekhin, Anatoly"]
[Black "Kalmachevskikh, Viktor"]
[Result "1-0"]
[WhiteElo "2351"]
[BlackElo "2333"]
[PlyCount "69"]
[EventDate "2006.08.03"]
[EventType "swiss"]
[EventRounds "9"]
[EventCountry "RUS"]
[SourceTitle "EXT 2008"]
[Source "ChessBase"]
[SourceDate "2007.11.25"]
[SourceVersion "1"]
[SourceVersionDate "2007.11.25"]
[SourceQuality "1"]

1. e4 e6 2. d4 d5 3. Nd2 Nf6 4. Bd3 c5 5. c3 Nc6 6. Ngf3 cxd4 7. cxd4 dxe4 8. Nxe4 Be7 9. 0-0 0-0 10. Ng3 b6 11. a3 Bb7 12. Bc2 Qd5 13. Be3 Rfd8 14. b4 Rac8 15. Re1 Qd7 16. Ba4 Qd6 17. Qd2 Qd5 18. Qb2 Ng4 19. Bb3 Qd7 20. Rad1 Nxe3 21. fxe3 Qc7 22. Rf1 a5 23. Nh5 g6 24. b5 gxh5 25. bxc6 Qxc6 26. Ne5 Qc7 27. Rc1 Qd6 28. Nxf7 Rxc1 29. Qxc1 Qd7 30. Ne5 Qc8 31. Qe1 Bf8 32. Qf2 Bg7 33. Qf7+ Kh8 34. Bxe6 Qb8 35. Qg8+ 1-0

[Event "Samara op"]
[Site "Samara"]
[Date "2003.??.??"]
[Round "8"]
[White "Frolov, Artiom"]
[Black "Terekhin, Anatoly"]
[Result "1/2-1/2"]
[WhiteElo "2219"]
[BlackElo "2365"]
[PlyCount "109"]
[EventDate "2003.??.??"]
[EventType "swiss"]
[EventRounds "9"]
[EventCountry "RUS"]
[SourceTitle "EXT 2005"]
[Source "ChessBase"]
[SourceDate "2004.11.15"]
[SourceVersion "1"]
[SourceVersionDate "2004.11.15"]
[SourceQuality "1"]

1. e4 Nf6 2. Nc3 d5 3. e5 d4 4. exf6 dxc3 5. fxg7 cxd2+ 6. Qxd2 Qxd2+ 7. Bxd2 Bxg7 8. 0-0-0 Nc6 9. h3 Be6 10. Kb1 0-0-0 11. Nf3 Nd4 12. Nxd4 Bxd4 13. f3 h5 14. Bd3 h4 15. Rhe1 Rhg8 16. Re2 c5 17. b3 a6 18. a4 Bf6 19. Be3 c4 20. bxc4 Bxc4 21. Red2 Bxd3 22. cxd3 Bd4 23. Bxd4 Rxd4 24. Rc1+ Kd7 25. Rc4 Rxc4 26. dxc4+ Kc6 27. Kc2 Rg5 28. Kc3 e6 29. Kb4 b6 30. Re2 Kd6 31. Rd2+ Kc7 32. Re2 Kc6 33. Rd2 Re5 34. Rd8 a5+ 35. Kc3 Re3+ 36. Kd4 Ra3 37. Rc8+ Kd6 38. Rd8+ Kc7 39. Rh8 Rxa4 40. Rxh4 Kd6 41. Kc3 Kc5 42. Rf4 b5 43. h4 b4+ 44. Kb2 Ra3 45. Rxf7 Kxc4 46. Rf4+ Kb5 47. Re4 Rd3 48. Re5+ Ka4 49. Re2 Rd5 50. f4 Rd4 51. g3 Rd3 52. g4 Rf3 53. g5 Rxf4 54. h5 Rg4 55. g6 1/2-1/2